| 000 | 01298nam a2200325 i 4500 | ||
|---|---|---|---|
| 999 |
_c68645 _d68645 |
||
| 001 | 68645 | ||
| 003 | Mx-PuUPA | ||
| 005 | 20220302075457.0 | ||
| 008 | 200323s2014 -cna|||gr|||| 001 0 spa d | ||
| 020 | _a9781926895727 | ||
| 040 |
_aMx-PuUPA _bspa _cMx-PuUPA _dMx-PuUPA _erda |
||
| 041 | 0 | _aeng | |
| 245 | 1 | 0 |
_aManaging sustainability in the hospitality and tourism industry : _bparadigms and directions for the future / _cedited by Vinnie Jauhari ; contributors, Rumki Brandyopadhyay, Dirti Dutta, [y otros veintiuno] |
| 264 | 1 |
_aCanada : _bApple Academic Press, _c©2014 |
|
| 300 |
_axxx, 492 páginas : _bilustraciones ; _c24 cm |
||
| 336 |
_atexto _2rdacontent _btxt |
||
| 337 |
_asin medio _2rdamedia _bn |
||
| 338 |
_avolumen _2rdacarrier _bnc |
||
| 490 | 0 | _aAdvances in hospitality and tourism | |
| 650 | 4 | _aAdministración hotelera | |
| 650 | 4 |
_aTurismo _xAdministración |
|
| 650 | 4 |
_aDesarrollo sostenible _xAdministración |
|
| 700 | 1 |
_aJauhari, Vinnie, _eeditor _910499 |
|
| 700 | 1 |
_aBrandyopadhyay, Rumki, _ecolaborador |
|
| 700 | 1 |
_aDutta, Dirti, _ecolaborador |
|
| 942 |
_2ddc _cLI _h338.4791 _iM2661 |
||